000
00339nam a2200145Ia 4500
008
150201s2005 xx 000 0 und d
082
_a
617.51
_b
C05W
100
_a
WAKODE, P.T.
245
_a
CLINICAL METHODS IN ENT
250
_a
1ST
260
_b
JAYPEE BROTHERS
_a
DELHI
_c
2005
300
_a
1-163
650
_a
E.N.T.
942
_2
ddc
_c
BK
_0
2
999
_c
121
_d
121